| 000 | 01149nam a2200277 a 4500 | ||
|---|---|---|---|
| 001 | BRCA_8420 | ||
| 005 | 20190320210255.0 | ||
| 008 | 310715s2014----mx-a######---#000-0#spa-# | ||
| 020 | _a9786079612283 | ||
| 041 | _aspaeng | ||
| 044 | _amx | ||
| 050 | 4 |
_aND1432 _b.L87 2014 |
|
| 100 | 1 |
_aLuque Agraz, Elin _921096 |
|
| 245 | 1 | 0 |
_aEl arte de dar gracias _blos exvotos pictóricos de María del Rosario de Talpa = The Art of Giving Thanks : The Pictorial ExVotos of María del Rosario of Talpa _cElin Luque Agraz. |
| 260 |
_aOaxaca, México _bCentro de Cultura Casa Lamm _c2014 |
||
| 300 |
_a229 p. _bil. a color _c28 cm. |
||
| 500 | _aIncluye catálogo de imágenes y referencias | ||
| 504 | _aBibliografía : p. 189-205 | ||
| 546 | _aTexto en : español e inglés | ||
| 610 | 2 | 4 |
_aBasílica Menor de Nuestra Señora del Rosario de Talpa (Talpa de Allende, Jalisco, México) _921097 |
| 650 | 1 | 4 |
_aRosario, Nuestra Señora del _xArte _921098 |
| 650 | 1 | 4 |
_aArte cristiano y simbolismo _zMéxico _942 |
| 650 | 1 | 4 |
_aExvotos en arte _93580 |
| 740 | 0 | _aThe Art of Giving Thanks : The Pictorial ExVotos of María del Rosario of Talpa | |
| 942 |
_2lcc _cB |
||
| 999 |
_c8088 _d8088 |
||